Inclusività : luoghi e spazi dell'amore LGBT+ : riflessioni itineranti /
I tiakina i:
| Kaituhi matua: | |
|---|---|
| Hōputu: | Pukapuka |
| Reo: | Itāriana |
| I whakaputaina: |
Roma :
Rogas,
2023
|
| Rangatū: | Atena
|
| Ngā marau: | |
| Ngā Tūtohu: |
Kāore He Tūtohu, Me noho koe te mea tuatahi ki te tūtohu i tēnei pūkete!
|
MARC
| LEADER | 00000nam a22000007i 4500 | ||
|---|---|---|---|
| 001 | IT\ICCU\SBT\0055085 | ||
| 003 | ItRI | ||
| 005 | 20260223115828.0 | ||
| 008 | 231213s2023 it |||||| |||||0|||||c | ||
| 020 | |a 9788899700959 | ||
| 040 | |b ita |c Arcigay Genova | ||
| 041 | 7 | |a ita |2 ISO-639-2 | |
| 082 | |a 306.76 |2 23 | ||
| 100 | 1 | |a Scovino, Carlo |0 IT\ICCU\LO1V\186850 | |
| 240 | 1 | 0 | |a Inclusività : luoghi e spazi dell'amore LGBT+ |9 Scovino, Carlo |
| 245 | 1 | 0 | |a Inclusività : |b luoghi e spazi dell'amore LGBT+ : riflessioni itineranti / |c Carlo Scovino. |
| 260 | |a Roma : |b Rogas, |c 2023 | ||
| 300 | |a 214 p. : |b ill. ; |c 21 cm | ||
| 650 | 7 | |a Persone LGBT |2 nsbncf | |
| 830 | 0 | |a Atena |0 IT\ICCU\RCA\0858928 | |
| 942 | |2 ddc |c BK | ||
| 952 | |0 0 |1 0 |2 ddc |4 0 |6 306_760000000000000_SCO_INC |7 0 |9 4288 |a GE |b GE |d 2025-06-03 |l 0 |o 306.76 SCO INC |p 1626 |r 2025-06-03 15:32:24 |w 2025-06-03 |y BK | ||
| 952 | |0 0 |1 0 |4 0 |6 DOC_306_766000000000000_SCO |7 0 |9 21813 |a BO |b BO |d 2026-01-15 |i 20765 |l 0 |o DOC 306.766 SCO |p BO20765 |r 2026-01-15 23:22:10 |w 2026-01-15 |x [Sebina 5] [1 v.] |y BK |z 1 v. | ||
| 999 | |c 3297 |d 3297 | ||